| 000 | 00637nam a2200205 a 4500 | ||
|---|---|---|---|
| 005 | 20240924063930.0 | ||
| 008 | 991125 bar 000 0 spa u | ||
| 020 | _a8432994359 | ||
| 035 | _aUPN01000009747 | ||
| 049 | _aCG | ||
| 050 | 4 |
_aLB3013 _bB5.4 |
|
| 100 | 1 | _aBlechman, Elaine A. | |
| 245 | 1 | 0 |
_aCómo resolver problemas de comportamiento en la escuela y en casa / _cElaine A. Blechman. |
| 260 |
_aBarcelona (Esp.) : _bCEAC, _c[s.a.]. |
||
| 300 |
_a256 p. : _bil |
||
| 440 | 0 |
_aEducación y enseñanza. _pEducación especial |
|
| 650 | 4 |
_aDisciplina escolar _91521 |
|
| 650 | 4 |
_aEducación _xInvestigación _94070 |
|
| 905 | _aLibro | ||
| 999 |
_c9747 _d9747 |
||